RIVISTA DI PASTORALE LITURGICA. MAGGIO LUGLIO 1972. ORGANO CAL. MALATTIA MORTE RISURREZIONE DEL CRISTIANO. (Record n. 331629)

Dettagli MARC
000 -LEADER
fixed length control field 01856nas a2200277Ia 4500
001 - CONTROL NUMBER
control field R050-S3043
003 - CONTROL NUMBER IDENTIFIER
control field IT-CnALBA
008 - FIXED-LENGTH DATA ELEMENTS--GENERAL INFORMATION
fixed length control field 170116c99999999xx |||||||||||| ||und||
040 ## - CATALOGING SOURCE
Original cataloging agency IT-CnALBA
Transcribing agency IT-CnALBA
041 ## - LANGUAGE CODE
Language code of text/sound track or separate title ITALIANO
999 ## - SYSTEM CONTROL NUMBERS (KOHA)
Koha Dewey Subclass [OBSOLETE] NO
100 ## - MAIN ENTRY--PERSONAL NAME
Personal name ROSSI CARLO, MONS.
210 ## - ABBREVIATED TITLE
Abbreviated title RIVISTA DI PASTORALE LITURGICA
222 ## - KEY TITLE
Key title RIVISTA DI PASTORALE LITURGICA
245 #0 - TITLE STATEMENT
Title RIVISTA DI PASTORALE LITURGICA. MAGGIO LUGLIO 1972. ORGANO CAL. MALATTIA MORTE RISURREZIONE DEL CRISTIANO.
250 ## - EDITION STATEMENT
Edition statement 1a ed.
260 ## - PUBLICATION, DISTRIBUTION, ETC. (IMPRINT)
Place of publication, distribution, etc. BRESCIA
Name of publisher, distributor, etc. QUERINIANA EDIT. LIBR. VESC.
Date of publication, distribution, etc. 1972
300 ## - PHYSICAL DESCRIPTION
Extent 104 p.
310 ## - CURRENT PUBLICATION FREQUENCY
Current publication frequency BIMESTRALE
362 ## - DATES OF PUBLICATION AND/OR SEQUENTIAL DESIGNATION
Dates of publication and/or sequential designation Fascicolo: 52-53 / Anno: 10 (1972)
500 ## - GENERAL NOTE
General note VENTICINQUA ANNI CAL. MORTE E VITA FUTURA. L'IDEA DELLA MORTE NEL PENSIERO CONTEMPORANEO. STRANIERO C. LODI E. FALSINI R. MASINI M. SOTTOCORNOLA F. BONDIOLI D. SUFFRAGI. RINNOVATA LITURGIA DEI DEFUNTI. LEZIONARIO BIBLICO. APPUNTI CATECHESI SULLA MORTE. PASTORALE DEFUNTI DURANTE L'ANNO LITURGICO. ESPERIENZE. ESEMPIO CATECHESI SULLA RISURREZIONE. UNIONE INFERMI. FIDUCIA E ABBANDONO NELLA MALATTIA. DIACONATO PERMANENTE NELLA CHIESA ITALIANA. SCHEMI DI OMELIA. LETTERE ALLA DIREZIONE.
501 ## - WITH NOTE
With note Società San Paolo EM - Piazza San Paolo, 14 - 12051 ALBA (CN) (non commercial uses only) ® Copyright 2017
520 ## - SUMMARY, ETC.
Summary, etc. VENTICINQUA ANNI CAL. MORTE E VITA FUTURA. L'IDEA DELLA MORTE NEL PENSIERO CONTEMPORANEO. STRANIERO C. LODI E. FALSINI R. MASINI M. SOTTOCORNOLA F. BONDIOLI D. SUFFRAGI. RINNOVATA LITURGIA DEI DEFUNTI. LEZIONARIO BIBLICO. APPUNTI CATECHESI SULLA MORTE. PASTORALE DEFUNTI DURANTE L'ANNO LITURGICO. ESPERIENZE. ESEMPIO CATECHESI SULLA RISURREZIONE. UNIONE INFERMI. FIDUCIA E ABBANDONO NELLA MALATTIA. DIACONATO PERMANENTE NELLA CHIESA ITALIANA. SCHEMI DI OMELIA. LETTERE ALLA DIREZIONE.
650 ## - SUBJECT ADDED ENTRY--TOPICAL TERM
Topical term or geographic name as entry element TEOLOGIA PASTORALE
942 ## - ADDED ENTRY ELEMENTS (KOHA)
Koha item type RIVISTA
957 ## -
-- 1
999 ## - SYSTEM CONTROL NUMBERS (KOHA)
-- 1
Dati di copia
Withdrawn status Lost status Damaged status Not for loan Home library Current library Date acquired Total Checkouts Full call number Date last seen Price effective from Koha item type Public note
    Buone Condizioni Not For Loan ALBA - Biblioteca ALBA - Biblioteca 16/01/2017   R050-S3043 16/01/2017 16/01/2017 RIVISTA (data import: 16 gennaio 2017) - By Epidotti, Vaglietti.
CREDITS: SOCIETA' SAN PAOLO Via A.Severo, 58 - ROMA (RM) & PERIODICI SAN PAOLO SRL Via Giotto, 36 MILANO & CISF Via Giotto, 36 MILANO & EDIZIONI SAN PAOLO SRL,  Piazza Soncino, 5 CINISELLO BALSAMO (MI) -- ITALY